| 000 | 00756cam a22002413a 4500 | ||
|---|---|---|---|
| 001 | 9757 | ||
| 003 | PGUSA | ||
| 005 | 20140828083215.0 | ||
| 008 | 060101s2006||||xxu|||||s|||||000 1 eng d | ||
| 040 |
_aPGUSA _beng |
||
| 042 | _adc | ||
| 050 | 4 | _aPR | |
| 100 | 1 |
_aLytton, Edward Bulwer Lytton, Baron, _d1803-1873 |
|
| 245 | 1 | 0 |
_aLeila or, the Siege of Granada, Book II. _h[electronic resource] / _cEdward Bulwer Lytton, Baron Lytton |
| 260 |
_bProject Gutenberg, _c2006 |
||
| 506 | _aPublic domain in the USA. | ||
| 516 | _aElectronic text | ||
| 653 | _aGranada (Spain) -- History -- Siege, 1491-1492 -- Fiction | ||
| 653 | _aSieges -- Fiction | ||
| 830 | 0 |
_aProject Gutenberg _v9757 |
|
| 856 | 4 | 0 | _uhttp://www.gutenberg.org/ebooks/9757 |
| 942 | _cEB | ||
| 999 |
_c239013 _d239013 |
||